<?xml version="1.0" encoding="UTF-8"?>
<record
    xmlns:xsi="http://www.w3.org/2001/XMLSchema-instance"
    xsi:schemaLocation="http://www.loc.gov/MARC21/slim http://www.loc.gov/standards/marcxml/schema/MARC21slim.xsd"
    xmlns="http://www.loc.gov/MARC21/slim">

  <leader>01243nam a22002057a 4500</leader>
  <datafield tag="999" ind1=" " ind2=" ">
    <subfield code="c">59719</subfield>
    <subfield code="d">59719</subfield>
  </datafield>
  <controlfield tag="003">Ge_BSU</controlfield>
  <controlfield tag="005">20230405164931.0</controlfield>
  <controlfield tag="008">230405s2017    ge ||||| |||| 00| 0 geo d</controlfield>
  <datafield tag="020" ind1=" " ind2=" ">
    <subfield code="a">9789941097614</subfield>
  </datafield>
  <datafield tag="041" ind1=" " ind2=" ">
    <subfield code="a">geo</subfield>
  </datafield>
  <datafield tag="080" ind1=" " ind2=" ">
    <subfield code="a">930(479.22)(092):902(479.22) &#x10EF;-14</subfield>
  </datafield>
  <datafield tag="245" ind1=" " ind2=" ">
    <subfield code="a">&#x10D0;&#x10DA;&#x10D4;&#x10E5;&#x10E1;&#x10D0;&#x10DC;&#x10D3;&#x10E0;&#x10D4; (&#x10DA;&#x10D0;&#x10DA;&#x10D8;) &#x10EF;&#x10D0;&#x10D5;&#x10D0;&#x10EE;&#x10D8;&#x10E8;&#x10D5;&#x10D8;&#x10DA;&#x10D8; :</subfield>
    <subfield code="b">&#x10EA;&#x10EE;&#x10DD;&#x10D5;&#x10E0;&#x10D4;&#x10D1;&#x10D0; &#x10D3;&#x10D0; &#x10DB;&#x10DD;&#x10ED;&#x10D5;&#x10D0;&#x10EC;&#x10D4;&#x10DD;&#x10D1;&#x10D0; /</subfield>
    <subfield code="c">&#x10E8;&#x10D4;&#x10DB;&#x10D3;&#x10D2;. &#x10D3;&#x10D0; &#x10E0;&#x10D4;&#x10D3;. &#x10DD;&#x10D7;&#x10D0;&#x10E0; &#x10EF;&#x10D0;&#x10E4;&#x10D0;&#x10E0;&#x10D8;&#x10EB;&#x10D4;; &#x10E1;&#x10D0;&#x10E5;&#x10D0;&#x10E0;&#x10D7;&#x10D5;&#x10D4;&#x10DA;&#x10DD;&#x10E1; &#x10DB;&#x10D4;&#x10EA;&#x10DC;&#x10D8;&#x10D4;&#x10E0;&#x10D4;&#x10D1;&#x10D0;&#x10D7;&#x10D0; &#x10D4;&#x10E0;&#x10DD;&#x10D5;&#x10DC;&#x10E3;&#x10DA;&#x10D8; &#x10D0;&#x10D9;&#x10D0;&#x10D3;&#x10D4;&#x10DB;&#x10D8;&#x10D0;.</subfield>
  </datafield>
  <datafield tag="264" ind1=" " ind2=" ">
    <subfield code="a">&#x10D7;&#x10D1;&#x10D8;&#x10DA;&#x10D8;&#x10E1;&#x10D8;,</subfield>
    <subfield code="c">2017.</subfield>
  </datafield>
  <datafield tag="300" ind1=" " ind2=" ">
    <subfield code="a">434 &#x10D2;&#x10D5;.;</subfield>
    <subfield code="b">30 &#x10E1;&#x10DB;.</subfield>
  </datafield>
  <datafield tag="500" ind1=" " ind2=" ">
    <subfield code="a">&#x10EC;&#x10D8;&#x10D2;&#x10DC;&#x10D8; &#x10D0;&#x10E0;&#x10D8; &#x10E5;&#x10D0;&#x10E0;&#x10D7;&#x10E3;&#x10DA;. &#x10D8;&#x10DC;&#x10D2;&#x10DA;. &#x10D3;&#x10D0; &#x10E0;&#x10E3;&#x10E1;&#x10E3;&#x10DA; &#x10D4;&#x10DC;.</subfield>
  </datafield>
  <datafield tag="653" ind1=" " ind2=" ">
    <subfield code="a">&#x10D0;&#x10DA;&#x10D4;&#x10E5;&#x10E1;&#x10D0;&#x10DC;&#x10D3;&#x10E0;&#x10D4; &#x10EF;&#x10D0;&#x10D5;&#x10D0;&#x10EE;&#x10D8;&#x10E8;&#x10D5;&#x10D8;&#x10DA;&#x10D8;&#x10E1; &#x10D3;&#x10D0;&#x10D1;&#x10D0;&#x10D3;&#x10D4;&#x10D1;&#x10D8;&#x10E1; 100 &#x10EC;&#x10DA;&#x10D8;&#x10E1;&#x10D7;&#x10D0;&#x10D5;&#x10D8;</subfield>
  </datafield>
  <datafield tag="700" ind1=" " ind2=" ">
    <subfield code="a">&#x10EF;&#x10D0;&#x10E4;&#x10D0;&#x10E0;&#x10D8;&#x10EB;&#x10D4;, &#x10DD;&#x10D7;&#x10D0;&#x10E0; </subfield>
    <subfield code="e">&#x10E8;&#x10D4;&#x10DB;&#x10D3;&#x10D2;&#x10D4;&#x10DC;&#x10D4;&#x10DA;&#x10D8;, &#x10E0;&#x10D4;&#x10D3;&#x10D0;&#x10E2;&#x10DD;&#x10E0;&#x10D8;</subfield>
    <subfield code="9">17506</subfield>
  </datafield>
  <datafield tag="710" ind1=" " ind2=" ">
    <subfield code="a">&#x10E1;&#x10D0;&#x10E5;&#x10D0;&#x10E0;&#x10D7;&#x10D5;&#x10D4;&#x10DA;&#x10DD;&#x10E1; &#x10DB;&#x10D4;&#x10EA;&#x10DC;&#x10D8;&#x10D4;&#x10E0;&#x10D4;&#x10D1;&#x10D0;&#x10D7;&#x10D0; &#x10D4;&#x10E0;&#x10DD;&#x10D5;&#x10DC;&#x10E3;&#x10DA;&#x10D8; &#x10D0;&#x10D9;&#x10D0;&#x10D3;&#x10D4;&#x10DB;&#x10D8;&#x10D0;</subfield>
    <subfield code="9">17507</subfield>
  </datafield>
  <datafield tag="942" ind1=" " ind2=" ">
    <subfield code="2">udc</subfield>
    <subfield code="c">BK</subfield>
  </datafield>
  <datafield tag="952" ind1=" " ind2=" ">
    <subfield code="0">0</subfield>
    <subfield code="1">0</subfield>
    <subfield code="2">udc</subfield>
    <subfield code="4">0</subfield>
    <subfield code="6">9304792209290247922_&#x10EF;14</subfield>
    <subfield code="7">0</subfield>
    <subfield code="9">94333</subfield>
    <subfield code="a">CPL</subfield>
    <subfield code="b">CPL</subfield>
    <subfield code="c">GEN</subfield>
    <subfield code="d">2023-04-05</subfield>
    <subfield code="g">15.00</subfield>
    <subfield code="o">930(479.22)(092):902(479.22) &#x10EF;-14</subfield>
    <subfield code="p">64180</subfield>
    <subfield code="r">2023-04-05</subfield>
    <subfield code="t">64180</subfield>
    <subfield code="u">&#x10D1;&#x10E1;&#x10E3;-&#x10E1; &#x10E1;&#x10D0;&#x10DE;&#x10D0;&#x10E2;&#x10D8;&#x10DD; &#x10D3;&#x10DD;&#x10E5;&#x10E2;&#x10DD;&#x10E0;&#x10D8;&#x10E1; &#x10D2;&#x10E3;&#x10E0;&#x10D0;&#x10DB; &#x10DA;&#x10DD;&#x10E0;&#x10D7;&#x10E5;&#x10D8;&#x10E4;&#x10D0;&#x10DC;&#x10D8;&#x10EB;&#x10D8;&#x10E1; &#x10E1;&#x10D0;&#x10E9;&#x10E3;&#x10E5;&#x10D0;&#x10E0;&#x10D8;</subfield>
    <subfield code="w">2023-04-05</subfield>
    <subfield code="y">BK</subfield>
    <subfield code="z">15 &#x10DA;.</subfield>
  </datafield>
</record>
